000 00488nam a22001937a 4500
999 _c8047
_d8047
003 OSt
005 20221110122802.0
008 221110b ||||| |||| 00| 0 eng d
020 _a453166002
040 _cDDC
082 _aWG 100 C23 1984
100 _aHampton R.John;
_916373
245 _aCardiovascular Disease
_bIntergrated Clinical Science:
260 _aOxford,
_bELBS
_c1984
300 _ax,276p;
504 _aincludes index
650 _amedicine
_9324
942 _2ddc
_cO_SHELF